000 00587nam a22002177a 4500
003 UA-OsUOA
001 113220
007 ta
008 20150902b un ||||| |||| 00| 0 ukr d
100 _aРоманова Е.В.
090 _a32
_bР69
942 _cSA
040 _aUA-OsUOA
_brus
_cUA-OsUOA
_dUA-OsUOA
245 _aПервая мировая война и трансформация системы международных отношений
300 _aС.3-34
955 _a0
041 _arus
080 _a32
773 0 _w113219
650 7 _a32 Політика
_2UDC
999 _c399169
_d399169